Аппараты и установки химической технологии: учебное пособие по графической части для курсового проектирования по процессам и аппаратам химической технологии

書誌詳細
団体著者: Ярославский политехнический институт
その他の著者: Моисеенко И. И., Басаргин Б. Н., Кулыгин В. Ф., Воронина М. С., Туркин В. В.
言語:ロシア語
出版事項: Ярославль, Ярославский политехнический ин-т, 1979
主題:
フォーマット: 図書
KOHA link:https://koha.lib.tpu.ru/cgi-bin/koha/opac-detail.pl?biblionumber=94881

MARC

LEADER 00000nam0a2200000 4500
001 94881
005 20231101213958.0
035 |a (RuTPU)RU\TPU\book\101632 
090 |a 94881 
100 |a 20060417d1979 m y0rusy50 ca 
101 0 |a rus 
102 |a RU 
105 |a a j 001zy 
200 1 |a Аппараты и установки химической технологии  |e учебное пособие по графической части для курсового проектирования по процессам и аппаратам химической технологии  |f И. И. Моисеенко [и др.]  |g Ярославский политехнический институт 
210 |a Ярославль  |c Ярославский политехнический ин-т  |d 1979 
215 |a 58 с.  |c ил. 
320 |a Библиогр.: с. 8 
606 |a Химические машины и аппараты  |2 stltpush  |3 (RuTPU)RU\TPU\subj\73309  |9 86361 
610 1 |a химическая технология 
610 1 |a аппараты 
610 1 |a установки 
610 1 |a детали 
610 1 |a конструкции 
610 1 |a учебные пособия 
610 1 |a курсовое проектирование 
675 |a 66.02(07.07)  |v 3 
701 1 |a Моисеенко  |b И. И. 
701 1 |a Басаргин  |b Б. Н. 
701 1 |a Кулыгин  |b В. Ф. 
701 1 |a Воронина  |b М. С. 
701 1 |a Туркин  |b В. В. 
712 0 2 |a Ярославский политехнический институт  |2 stltpush  |3 (RuTPU)RU\TPU\col\7887  |9 24407 
801 1 |a RU  |b 63413507  |c 20060417  |g PSBO 
801 2 |a RU  |b 63413507  |c 20171220  |g PSBO 
942 |c BK